Návrh organizačních forem průmyslu řízeného krajskými a okresními národními výbory realizační výstup č. 1. Přílohy č .1, 2, 3. SPEV 902 311 301/02

Gespeichert in:
Bibliographische Detailangaben
1. Verfasser: Vavříková, Jindra
Format: Buch
Sprache:Tschechisch
Veröffentlicht: Ostrava Výzkumný ústav rozv. obl. a měst 1986
Ausgabe:1. vyd.
Schriftenreihe:Zdokonalování řízení oblastí v ČSR
Tags: Tag hinzufügen
Keine Tags, Fügen Sie das erste Tag hinzu!

MARC

LEADER 00000nam a2200000 4500
001 c032869
005 20221207072347.5
041 0 |a cze 
044 |a CZ 
245 1 0 |a Návrh organizačních forem průmyslu řízeného krajskými a okresními národními výbory  |b realizační výstup č. 1. Přílohy č .1, 2, 3. SPEV 902 311 301/02  |c Jindra Vavříková 
250 |a 1. vyd. 
264 1 |a Ostrava  |b Výzkumný ústav rozv. obl. a měst  |c 1986 
300 |a 35 s. 
490 1 |a Zdokonalování řízení oblastí v ČSR 
830 0 |a Zdokonalování řízení oblastí v ČSR 
100 1 |a Vavříková, Jindra